000 00930nas a2200301 4500
001 BR0203617
003 BR-BrBNA
005 20231205103131.0
007 ta
008 230509b bl.|||p| |||| 00| 00por d
040 _aBR-BrBNA
_bpor
_cBiblioteca Nacional de Agricultura
041 _a(Pt)
072 _aL02
100 1 _aFernandes, A.A.H.
100 1 _aAlves, M.J.F.
100 1 _aBoteon, E.M.
100 1 _aRosa, G.J.M.
100 1 _aSilva, C.E.F.
245 1 _aAvaliação do colesterol plasmático em coelhos com hipercolesterolemia induzida e tratados com extrato etanólico de própolis
650 _aCOELHO
650 _aCOLESTEROL
650 _aPRÓPOLIS
650 _aDIETA
650 _aSUPLEMENTO ALIMENTAR
773 0 _tRevista Brasileira de Plantas Medicinais (Brazil)
_xISSN 1516-0572
_g(Apr 2002), v. 4(2) p. 1-5
_wBR0203617
909 _a202311
_bLúcia
_c55
_dLúcia Elande
942 _2AGRIS
_n0
_cANA
999 _c171261
_d171261